书目信息 |
| 题名: |
汉学研究之回顾与前瞻
|
|
| 作者: | 林徐典 编 | |
| 分册: | 下册 史学、哲学卷 | |
| 出版信息: | 北京 中华书局 1995.9 |
|
| 页数: | 421页 | |
| 开本: | 26cm | |
| 丛书名: | ||
| 单 册: | ||
| 中图分类: | C53 | |
| 科图分类: | ||
| 主题词: | 社会科学--文集 , 社会科学--会议录 | |
| 电子资源: | ||
| ISBN: | 7-101-01253-1 | |
| 000 | 00720nam0 2200229 45 | |
| 001 | 0003071095 | |
| 005 | 20050329105424.5 | |
| 010 | @a7-101-01253-1@b精装@dCNY49.00 | |
| 100 | @a20000307d1995 km y0chiy0120 ea | |
| 101 | @achi | |
| 105 | @a z 000yy | |
| 200 | 1 | @a汉学研究之回顾与前瞻@AHan Xue Yan Jiu Zhi Hui Gu Yu Qian Zhan@h下册@i史学、哲学卷@f林徐典编@FLin Xu Dian Bian |
| 210 | @a北京@c中华书局@d1995.9 | |
| 215 | @a421页@d26cm | |
| 300 | @a新加坡国立大学中文系主办国际汉学会议论文选集 | |
| 517 | @a史学、哲学卷@AShi Xue、Zhe Xue Juan | |
| 606 | 0 | @a社会科学@x文集 |
| 606 | 0 | @a社会科学@x会议录 |
| 690 | @aC53@v1 | |
| 701 | 0 | @a林徐典@4编 |
| 801 | @aCN@bTSTC@c20000309 | |
| 905 | @dC53@e100:2@b285645@f1 | |
| 汉学研究之回顾与前瞻.下册.史学、哲学卷/林徐典编.-北京:中华书局,1995.9 |
| 421页;26cm |
| 新加坡国立大学中文系主办国际汉学会议论文选集 |
| ISBN 7-101-01253-1(精装):CNY49.00 |
| ● |
| 相关链接 |
|
|
|
|
正题名:汉学研究之回顾与前瞻
索取号:C53/100:2
 
预约/预借
| 序号 | 登录号 | 条形码 | 馆藏地/架位号 | 状态 | 备注 |
| 1 | 0285645 | 002856458 | 第一借阅区/ [索取号:C53/100:2] | 在馆 | |
| 2 | 0285646 | 002856467 | 第一样本阅览室/ [索取号:C53/100:2] | 在馆 |